000 00316nam a22001337a 4500
008 181016b xxu||||| |||| 00| 0 eng d
020 _a15099
041 _aeng
080 _a316
100 _a50
101 _aSOC
245 _aIntroduction to Bivariate and Multivariate Analysis
_cLindeman, R.H
942 _2udc
_cBK
999 _c49933
_d49933